| 000 | 00893nam a22002177a 4500 | ||
|---|---|---|---|
| 001 | 113396 | ||
| 003 | DR-UNIBE | ||
| 005 | 20250331113742.0 | ||
| 008 | 250331b2005 sp ||||| |||| 00| 0 spa d | ||
| 040 |
_aBIBLIOTECA UNIBE _cBIBLIOTECA UNIBE _erda |
||
| 041 | _aspa | ||
| 082 | _a342 C748i | ||
| 111 | 2 |
_aConferencia Iberoamericana de Justicia Constitucional (4ª : 2005 : Sevilla ) _9193633 |
|
| 245 |
_aIV Conferencia Iberoamericana de Justicia Constitucional : _bSevilla, 19, 20 y 21 de octubre de 2005 |
||
| 260 |
_aMadrid : _bAgencia Española de Cooperación Internacional, _c2005 |
||
| 300 | _a89 páginas | ||
| 504 | _a1. Delegaciones asistentes | 2. Programa | 3. Inauguración | 4. Modelos de justicia constitucional | 5. Conclusiones | 6. Clausura | 7. Declaración final | | ||
| 650 | 7 |
_2lemb _aConstitución _961875 |
|
| 650 | 7 |
_2lemb _aJusticia |
|
| 942 |
_2ddc _cBK |
||
| 999 |
_c113396 _d113396 |
||